00710nam a22001697a 450000500170000000800400001702000180005705000210007524501050009626000900020130000210029149000600031265000300037265000640040270000260046670000480049220150311124009.0150311b sp||||| |||| 00| 0 spa d a9788476589311 aHM753 bI34 201103aLa Identidad en sociedades plurales c/ ed. Diego Bermejo ; José María Aguirre Oraa [ et al. ]. aRubi, Barcelona, España :bAnthropos ; cLogroño : Universidad de La Rioja, c2011 a367 p. ;c20 cm.1 aPensamiento crítico/pensamiento utópico ; vno. 197 72LembaIdentidad colectiva 72LembaIdentidad (Concepto filosófico) xAspectos sociales1 4Bermejo, Diego, aed.1 aAguirre Oraa, José María, ecolaborador